000 00310nam a2200121 i 4500
001 bg
245 0 _aWybrane zagadnienia zużywania się materiałów w ślizgowych węzłach maszyn.
260 _aWarszawa,
_c1990.
040 _cBPK
041 _apol
942 _cKS
008 s pl f |000 0 pol
999 _c4413
_d4413
856 _uhttp://koha.tu.koszalin.pl/cgi-bin/koha/opac-detail.pl?biblionumber=4413
_yKatalog online BPK